مكتبة جامعة عجلون الوطنية

فهرس بحث المكتبة

Normal view MARC view
  • صعوبات التعلم-السلوك

Entry Topical Term

Number of records used in: 1

001 - CONTROL NUMBER

  • control field: 63310

003 - CONTROL NUMBER IDENTIFIER

  • control field: JO-AjAnu

005 - DATE AND TIME OF LATEST TRANSACTION

  • control field: 20230606084332.0

008 - FIXED-LENGTH DATA ELEMENTS

  • fixed length control field: 230606|| aca||aabn | a|a d

040 ## - CATALOGING SOURCE

  • Original cataloging agency: JO-AjAnu
  • Transcribing agency: JO-AjAnu

150 ## - HEADING--TOPICAL TERM

  • Topical term or geographic name entry element: صعوبات التعلم-السلوك

670 ## - SOURCE DATA FOUND

  • Source citation: Work cat.: (JO-AjAnu)32277: اعداد رحاحلة، جين سعد محمد؛ إشراف نايف علي وحشه, author 63309, فاعلية برنامج قائم على العلاج السلوكي في خفض اللوك الانسحابي لدى الطلبة ذوي صعوبات التعلم =The Effectiveeness of a program Based on Cognitive Behavioral Therapy in Rstudents in Reducing withdrawal Behavior Amomng student with Disabilities